000 00359cam a2200145ua 4500
041 _aeng
_h
082 _a656.456
_bSTA/CO
100 _aStanford, G.H .
245 _aConduct of Meetings /
_cG.H.Stanford.
_hTextual Documents
260 _aLondon :
_bOxford University Press ,
_c1959.
300 _a85 ; .
504 _a
942 _cBK
999 _c1094
_d1094